Anagrammes aléatoires de villes belges, suisses et canadiennes - Statistiques

Statistiques générales
  • Ce quiz a été pris 294 fois
  • Le résultat moyen est 9 sur 20
Statistiques - réponses
Pays Ville % Correct
Gand
94%
Genève
92%
Québec
92%
Toronto
89%
Liège
87%
Spa
84%
Bâle
83%
Berne
83%
Bruxelles
83%
Namur
81%
Ottawa
81%
Bruges
79%
Mons
78%
Nyon
75%
Genk
74%
Zurich
73%
Montréal
68%
Zoug
68%
Anvers
66%
Neuchâtel
66%
Sion
63%
Laval
57%
Waterloo
57%
Halifax
56%
Lausanne
56%
Louvain
56%
Calgary
55%
Mouscron
52%
Winnipeg
52%
Davos
50%
Ypres
49%
Vancouver
47%
Charleroi
46%
Anderlecht
42%
Dinant
42%
St. John's
38%
Tournai
37%
Bienne
35%
Montreux
35%
Lucerne
34%
Victoria
34%
Ostende
33%
Arlon
31%
Courtrai
31%
Fribourg
31%
Edmonton
30%
La Louvière
30%
Windsor
30%
Lugano
28%
Coire
26%
Lévis
26%
Malines
26%
Thoune
24%
Hasselt
23%
Saint-John
23%
Schaffhouse
21%
Alost
20%
Saint-Gall
20%
Bastogne
19%
Bellinzone
18%
Hamilton
18%
Saint-Nicolas
17%
Saint-Jérôme
15%
Saguenay
13%
Trois-Rivières
12%
Saskatoon
11%
Soleure
11%
Yellowknife
11%
Iqaluit
10%
Sherbrooke
10%
Winterthour
10%
Fredericton
9%
Regina
7%
Whitehorse
7%
Gatineau
6%
Niagara Falls
5%
Molenbeek-Saint-Jean
2%
Yverdon-les-Bains
2%
Aucun quiz correspondant
Distribution des résultats
% des personnes avec chaque résultat
Percentile par nombre de réponses
Votre historique - résultats
Vous n’avez pas pris ce quiz